[Event "Ostrava op-B"]
[Site "Ostrava"]
[Date "2003.05.04"]
[Round "3"]
[White "Novacek, Pavel"]
[Black "Blecharz, Pavel Sr"]
[Result "1-0"]
[WhiteElo "2000"]
[BlackElo "1804"]
[PlyCount "63"]
[EventDate "2003.05.03"]
[EventType "swiss"]
[EventRounds "10"]
[EventCountry "CZE"]
[SourceTitle "EXT 2006"]
[Source "ChessBase"]
[SourceDate "2005.11.24"]
[SourceVersion "1"]
[SourceVersionDate "2005.11.24"]
[SourceQuality "1"]

1. e4 d5 2. exd5 Qxd5 3. Nc3 Qa5 4. d4 c6 5. Bc4 Bf5 6. Nf3 Nf6 7. 0-0 e6 8. Re1 Bd6 9. d5 cxd5 10. Nxd5 Nxd5 11. Bxd5 Qc7 12. Bxb7 Bxh2+ 13. Nxh2 Qxb7 14. b3 0-0 15. Bb2 Nc6 16. Qf3 Qb6 17. c4 Rfd8 18. Qg3 Bg6 19. Qc3 e5 20. Rad1 f6 21. Nf1 Nd4 22. Ne3 Bh5 23. Rd2 Qe6 24. Qa5 Nf3+ 25. gxf3 Rxd2 26. Qxd2 Bxf3 27. Kh2 Qf7 28. Qd3 Qh5+ 29. Kg3 f5 30. Qxf5 g5 31. Qe6+ Kf8 32. a3 1-0